| 000 | 00597nam a22001811a 4500 | ||
|---|---|---|---|
| 001 | 11555 | ||
| 003 | OSt | ||
| 005 | 20260204212247.0 | ||
| 008 | 130116s2009||||ck ||||||b||||||||||spa|| | ||
| 020 | _a9789582009748 | ||
| 050 | _a370.152 I8t | ||
| 245 | _aInteligencia y el talento se desarrollan: Una experiencia del instituto Alberto Merani / Julian de zuberia. [et-at] | ||
| 264 | _aColombia : Editorial Magisterio | ||
| 300 | _a176 P | ||
| 650 | _aDesarrollo de la inteligencia 2.Aptitud creadora en niños 3.Pensamiento creativo | ||
| 700 | _aDe Zubiria, Julian II.TilÌ | ||
| 942 |
_2ddc _cBK |
||
| 999 |
_c11555 _d11555 |
||